An elementary text-book on the differential and integral calculus (Record no. 18535)

MARC details
000 -LEADER
fixed length control field 00436nam a22001457a 4500
008 - FIXED-LENGTH DATA ELEMENTS--GENERAL INFORMATION
fixed length control field 200925b xxu||||| |||| 00| 0 eng d
020 ## - INTERNATIONAL STANDARD BOOK NUMBER
International Standard Book Number 1362023432
050 ## - LIBRARY OF CONGRESS CALL NUMBER
Classification number QA303
Item number .E34 1902 c.1
100 ## - MAIN ENTRY--PERSONAL NAME
Personal name Echols, William
245 ## - TITLE STATEMENT
Title An elementary text-book on the differential and integral calculus
Statement of responsibility, etc. William Echols
260 ## - PUBLICATION, DISTRIBUTION, ETC. (IMPRINT)
Place of publication, distribution, etc. New York
Name of publisher, distributor, etc. Henry Holt and company
Date of publication, distribution, etc. 1902
300 ## - PHYSICAL DESCRIPTION
Extent x, 480p.
650 ## - SUBJECT ADDED ENTRY--TOPICAL TERM
Topical term or geographic name as entry element Calculus
942 ## - ADDED ENTRY ELEMENTS (KOHA)
Source of classification or shelving scheme Library of Congress Classification
Koha item type General Collection
Holdings
Withdrawn status Lost status Source of classification or shelving scheme Not for loan Home library Current library Date acquired Cost, normal purchase price Total Checkouts Full call number Barcode Date last seen Date last checked out Price effective from Koha item type Total Renewals
    Library of Congress Classification   Kabarak, Main Campus Kabarak, Main Campus 25/09/2020 4855.00 2 QA303 .E34 1902 c.1 029139 13/07/2022 13/06/2022 25/09/2020 General Collection  
    Library of Congress Classification   Kabarak, Main Campus Kabarak, Main Campus 25/09/2020 4855.00 3 QA303 .E34 1902 c.2 029140 07/10/2021 16/09/2021 25/09/2020 General Collection 1
    Library of Congress Classification   Kabarak, Nakuru City Campus Kabarak, Nakuru City Campus 25/09/2020 4855.00   QA303 .E34 1902 c.1 029141 25/09/2020   25/09/2020 General Collection  
Designed with assistance from East African Informatics Ltd